Szczegóły MARC21

Die Deutsche Literatur vom Späten Mittelalter bis zum Barock. T. 2, Das Zeitalter der Reformation, 1520-1570 /

003 -Nazwa inst., której nr kontr. jest w polu 001 [,]
    • @
    • Nazwa instytucji, której n kontrolny jest w polu 001
    • NUKAT
005 -DATA I CZAS OSTATNIEJ MODYFIKACJI [,]
    • @
    • pole kontrolne
    • 20241231101448.0
020 -Międzynarod. znormalizowany nr książki - ISBN [ , ]
    • a
    • Numer ISBN
    • 3406007171 Find
    • q
    • Dopowiedzenie
    • Leinen
020 -Międzynarod. znormalizowany nr książki - ISBN [ , ]
    • a
    • Numer ISBN
    • 340600718X Find
    • q
    • Dopowiedzenie
    • Broschur
040 -Instytucja sporządzająca opis [ , ]
    • a
    • Instytucja, która sporządziła opis (NP)
    • WA U/JS
    • c
    • Instytucja, która sporządziła rekord (NP)
    • WA U/JS
    • d
    • Instytucja, która zmodyfikowała rekord (P)
    • WA U/JL
    • d
    • Instytucja, która zmodyfikowała rekord (P)
    • GD U/AEK
    • d
    • Instytucja, która zmodyfikowała rekord (P)
    • OLSZT 003/bak
942 -Rodzaj dokumentu [ , ]
    • c
    • Rodzaj dokumentu
    • Książka
100 -Hasło główne - nazwa osobowa [1, ]
    • a
    • Nazwa osobowa (NP)
    • Rupprich, Hans
    • d
    • Daty biograficzne (NP)
    • (1898-1972).
    • 9
    • KHW
    • 486292
245 -Strefa tytułu i oznaczenia odpowiedzialności [1,4]
    • a
    • Tytuł
    • Die Deutsche Literatur vom Späten Mittelalter bis zum Barock. Find
    • n
    • Oznaczenie części (P)
    • T. 2,
    • p
    • Nazwa części (P)
    • Das Zeitalter der Reformation, 1520-1570 /
    • c
    • Pozostałe elementy strefy tytułu i oznaczenia odpowiedzialności (NP)
    • von Hans Rupprich.
260 -Strefa adresu wydawniczego [ , ]
    • a
    • Miejsce wydania (P)
    • München :
    • b
    • Nazwa wydawcy (P)
    • C. H. Beck'sche Verlagsbuchhandlung,
    • c
    • Data wydania (P)
    • 1973.
300 -Strefa opisu fizycznego [ , ]
    • a
    • Określenie formy książki i/lub objętość (NP)
    • XII, 554 s. ;
    • c
    • Format (NP)
    • 23 cm.
336 -Typ zawartości [ , ]
    • a
    • Termin opisujący typ zawartości
    • Tekst
    • b
    • Kod określający zawartość
    • txt
    • 2
    • Źródło (terminu i kodu)
    • rdacontent
337 -Typ mediów [ , ]
    • a
    • Tryb odtwarzania
    • Bez urządzenia pośredniczącego
    • b
    • Kod typu mediów
    • n
    • 2
    • Źródło (terminu i kodu)
    • rdamedia
338 -Typ/rodzaj nośnika [ , ]
    • a
    • Hasło opisujące typ nośnika
    • Wolumin
    • b
    • Kod typu nośnika
    • nc
    • 2
    • Źródło (terminu i kodu)
    • rdacarrier
490 -Strefa serii i książki wielotomowej - forma nie do wyszukiwania [1, ]
    • a
    • Tytuł (P)
    • Geschichte der deutschen Literatur von den Anfängen bis zur Gegenwart / Helmut de Boor und Richard Newald ; Find
    • v
    • Numeracja (P)
    • Bd. 4/2
504 -Uwaga dot. bibliogr. załącznikowej [ , ]
    • a
    • Uwaga dot. bibliografii załącznikowej
    • Bibliogr. s. 458-513. Indeks.
080 -Uniwersalna Klasyfikacja Dziesiętna [ , ]
    • a
    • Symbol klasyfikacji
    • 830(091)"770/1830"=30
650 -Hasło przedmiotowe [ ,7]
    • a
    • Hasło przedmiotowe
    • Literatura niemiecka
    • y
    • Określnik chronologiczny
    • 1500-1700
    • x
    • Określnik rzeczowy
    • historia i krytyka.
    • 2
    • Źródło terminu
    • kaba
    • 9
    • KHW
    • 407897
980 -Symbol UKD [ , ]
    • a
    • UKD
    • 830(091)"770/1830"=30
700 -Hasło dodatkowe - nazwa osobowa [1, ]
    • a
    • Nazwa osobowa (NP)
    • Boor, Helmut Anton Wilhelm de Find
    • d
    • Daty biograficzne (NP)
    • (1891-1976).
    • 9
    • KHW
    • 75327
700 -Hasło dodatkowe - nazwa osobowa [1, ]
    • a
    • Nazwa osobowa (NP)
    • Newald, Richard Find
    • d
    • Daty biograficzne (NP)
    • (1894-1954).
    • 9
    • KHW
    • 486289
710 -Hasło dodatkowe - nazwa ciała zbiorowego [2, ]
    • a
    • Nazwa ciała zbiorowego lub nazwa geograficzna jako pierwszy element (NP)
    • Verlag C.H. Beck.
    • 4
    • Kod relacji
    • pbl
    • 9
    • KHW
    • 80052
800 -Hasło dodatkowe opisu książki wielotomowej - nazwa osobowa [1, ]
    • a
    • Nazwa osobowa (NP)
    • Boor, Helmut Anton Wilhelm de
    • d
    • Daty biograficzne (NP)
    • (1891-1976).
    • t
    • Tytuł ujednolicony/tytuł (NP)
    • Geschichte der deutschen Literatur von den Anfängen bis zur Gegenwart
    • l
    • Język tekstu (NP)
    • (niem.)
    • v
    • Oznaczenie tomu (NP)
    • Bd. 4/2
    • 9
    • KHW
    • 486288
920 -ISBN [ , ]
    • a
    • ISBN
    • 3-406-00717-1 Find
    • q
    • Dopowiedzenie
    • Leinen
920 -ISBN [ , ]
    • a
    • ISBN
    • 3-406-00718-X Find
    • q
    • Dopowiedzenie
    • Broschur
Sygnatura Numer inwentarzowy Status udost. Lokalizacja Data inwentaryzacji
GERM.Literatura niemieckojęz. 35G.107091BM1995-12-05